000 00619nam a2200205Ii 4500
003 JO-AjNU
008 230606s9999||||xx |||||||||||||| ||und||
020 _a0-19-453425-1
040 _aJO-AjNU
_beng
_erda
_cJO-AjNU
041 _aeng
050 1 4 _aPE1128 2003
100 3 _aتاليف Gude,Kathy,
_eauthor
_91537
245 0 0 _aAdvanced Listening and Speaking
264 3 1 _aNew York:Oxford University Press,2003
300 _a152p
336 _atext
_btxt
_2rdacontent
337 _aunmediated
_bn
_2rdamedia
338 _avolume
_bnc
_2rdacarrier
650 4 _aAdvanced Listening and Speaking-Speaking-Listening
_91538
999 _aE808
_c808
_d808